000
00288nam a22001337a 4500
008
180906b xxu||||| |||| 00| 0 eng d
020
_a
9780842335126
041
_a
eng
080
_a
616.063
100
_a
8
101
_a
PED
245
_a
Baby Child Care
_c
Dobsom.J
942
_2
udc
_c
BK
999
_c
47591
_d
47591